| 000 | 00601nam a2200193 i 4500 | ||
|---|---|---|---|
| 001 | 34539 | ||
| 003 | ES-MaACL | ||
| 005 | 20230906154941.0 | ||
| 007 | t| | ||
| 008 | 030207s1967 sp ||||1| cat d | ||
| 100 | 1 |
_aBohr, Niels. _929840 |
|
| 245 | 1 | 0 |
_aFísica atómica i coneixement humá / _cNiels Bohr ; proleg d'Heribert Barrera ; [traducció de Jordi Monés]. |
| 250 | _a[1ª ed.]. | ||
| 260 |
_aBarcelona : _bEdicions 62, _c[1967] |
||
| 300 |
_a158 p., 1 lám. ; _c20 cm. |
||
| 700 | 1 |
_aBarrera, Heribert. _925919 |
|
| 700 | 1 |
_aMonès, Jordi. _982173 |
|
| 852 |
_aES-MaACL _jC-31880 _bR.62394 |
||
| 999 |
_c34539 _d34539 |
||